03091cam a22003978i 450000100090000000300040000900500170001300600180003000700150004800800410006301000170010402000310012102000250015202000300017704000280020704200080023505000100024308200180025310000410027124501090031225000200042126300090044126400540045026400110050430000520051550400510056752015330061858800950215165000470224665000490229365000300234265000430237265000280241570000450244377602050248822152423OSt20231205141402.0m |o d | cr_|||||||||||210615t20222022enkab ob 001 0 eng  a 2021028668 z9781350170339q(paperback) a9781350170360q(pdf) z9781350170346q(hardback) aDLCbengcDLCerdadDLC apcc00aQC90300a304.25bLIE/C1 aLieberman, Benjamin,d1962-eauthor.10aClimate change in human history :bprehistory to the present /cBenjamin Lieberman and Elizabeth Gordon. aSecond edition. a2201 1aLondon ;aNew York :bBloomsbury Academic,c2022. 4c©2022 a322pbillustrations (chiefly color), color maps aIncludes bibliographical references and index. a"Climate Change and Human History provides a concise introduction to the relationship between human beings and climate change throughout history. Starting hundreds of thousands of years ago and going up to the present day, this book illustrates how natural climate variability affected early human societies and how human activity is now leading to drastic changes to our climate. Taking a chronological approach the authors explain how climate change created opportunities and challenges for human societies in each major time period, covering themes such as phases of climate and history, climate shocks, the rise and fall of civilizations, industrialization, accelerating climate change and our future outlook. This 2nd edition includes a new chapter on the explosion of social movements, protest groups and key individuals since 2017 and the implications this has had on the history of climate change, an improved introduction to the Anthropocene and extra content on the basic dynamics of the climate system alongside updated historiography. With more case studies, images and individuals throughout the text, the second edition also includes a glossary of terms and further reading to aid students in understanding this interdisciplinary subject. An ideal companion for all students of environmental history, Climate Change and Human History clearly demonstrates the critical role of climate in shaping human history and of the experience of humans in both adapting to and shaping climate change"--cProvided by publisher. aDescription based on online resource; title from PDF title page (Site, viewed 11/09/2023). 0aClimatic changesxSocial aspectsxHistory. 0aHuman beingsxEffect of climate onxHistory. 0aClimate and civilization. 0aPrehistoric peoplesxClimatic factors. 0aHuman ecologyxHistory.1 aGordon, Elizabethc(Professor),eauthor.08iPrint version:aLieberman, Benjamin, 1962-tClimate change in human history : prehistory to the presentbSecond edition.dLondon ; New York : Bloomsbury Academic, 2022z9781350170339w(DLC) 2021028667